| 000 | 00598nam a22002177a 4500 | ||
|---|---|---|---|
| 005 | 20220727141741.0 | ||
| 008 | 220727b ||||| |||| 00| 0 eng d | ||
| 020 | _a0929692578 | ||
| 040 | _cAL | ||
| 041 | _aEnglish | ||
| 082 |
_223 _a365.97 _bAMEP |
||
| 100 |
_aAmericas Watch Report _953530 |
||
| 245 | _aPrison Conditions in Jamaica May 1990 | ||
| 260 |
_aNew York _bHuman Rights Watch _c1990 |
||
| 300 |
_aii,72 p. _bPB _c22.5x15 cm. |
||
| 650 |
_aJamaica _953531 |
||
| 650 |
_aPrisons _953532 |
||
| 650 |
_aPrisoners _953533 |
||
| 700 |
_aAMERICAS WATCH REPORT _953534 |
||
| 942 |
_2ddc _cGF |
||
| 999 |
_c224224 _d224224 |
||